Least Guessed Countries Quiz - Statistics

General Stats
  • This quiz has been taken 31 times
  • The average score is 17 of 21
Answer Stats
Percentage Continent Answer % Correct
25% Oceania Tuvalu
93%
24% Oceania Kiribati
90%
28% North America Saint Kitts and Nevis
90%
29% Oceania Tonga
90%
26% Oceania Vanuatu
90%
23% Oceania Nauru
87%
28% North America Saint Lucia
87%
24% North America Saint Vincent and the Grenadines
87%
27% Oceania Solomon Islands
87%
28% North America Antigua and Barbuda
83%
23% Africa Comoros
83%
24% Oceania Palau
83%
26% Oceania Marshall Islands
80%
22% Africa São Tomé and Príncipe
80%
28% Asia East Timor
77%
29% Asia Brunei
73%
29% Africa Cape Verde
73%
29% Africa Equatorial Guinea
73%
27% Africa Guinea-Bissau
73%
28% Africa Burundi
70%
24% North America Grenada
70%
No matching quizzes found
Score Distribution
Percent of People with Each Score
Percentile by Number Answered
Your Score History
You have not taken this quiz